| 000 | 00311nam a2200097Ia 4500 | ||
|---|---|---|---|
| 008 | 220120s9999||||xx |||||||||||||| ||und|| | ||
| 100 |
_aAshwini, Vasanth, Gouthami, Neeraja and Sukshma _912449 |
||
| 245 | 0 | _aSoftware licenser | |
| 260 |
_aCoorg Institute of Technology _bPonnampet _c2011 |
||
| 650 | _aCOMPUTER SCIENCE | ||
| 999 |
_c138036 _d138036 |
||